| 000 | 00454nam a2200181Ia 4500 | ||
|---|---|---|---|
| 003 | GCL | ||
| 008 | 140319s9999 xx 000 0 aSpa d | ||
| 020 | _a8432077615 | ||
| 040 |
_aGCL / _cGCL |
||
| 082 | 0 | 4 |
_aREF _b914.600223 _bPG |
| 100 | 1 | _aPLANETA | |
| 245 | 1 | 0 |
_aGRAN ATLAS DE ESPANA / _cPLANETA |
| 260 |
_aاسبانيا : _bPLANETA ، _c1990 |
||
| 300 |
_a7 VOLS ؛ _c40 cm. |
||
| 650 | 0 | 4 | _aSPAIN - ATLAS |
| 650 | 0 | 4 | _aATLAS |
| 942 |
_2ddc _cREF |
||
| 999 |
_c12822 _d12822 |
||